000
00276nam a22001097a 4500
008
160511b xxu||||| |||| 00| 0 eng d
020
_a
041531920X
041
_a
eng
080
_a
316.77
245
_a
The translation studies reader:
_c
Edited by Lawrence Venuti;
942
_2
udc
_c
BK
999
_c
2035
_d
2035